000 00342nam a2200133Ia 4500
008 191201s2005 xx 000 0 und d
082 _a005.14
_bRAS
100 _aRAJANI, Renu
245 0 _aSoftware Testing Effective Methods Tools and Techniques
260 _aN.Delhi
_bTMH
_c2005
300 _a311
650 _aB.Tech(CSE)
942 _2ddc
_cBK
999 _c1489
_d1489